000 00954nam a2200265Ia 4500
003 GCL
008 140319s9999 xx 000 0 ara d
040 _aGCL /
_cGCL
082 0 4 _aق
_b301.412
_bا ح
100 1 _aامال كامل بيومى السبكى
245 1 0 _aالحركة النسائية فى مصر ما بين ثورة 1919 و 1952 /
_cامال كامل بيومى السبكى
260 _a[S.N] :
_bالهيئة المصرية العامة للكتاب ،
_c1986
300 _a215 ص
490 _a
650 0 4 _aتاريخ
650 0 4 _aالمرأة فى مصر
650 0 4 _aالمرأة فى الحياة العامة
650 0 4 _aالاحزاب السياسية
650 0 4 _aثورة 23 يوليو 1952
650 0 4 _aحقوق المرأة
650 0 4 _aجمعيات
650 0 4 _aالرعاية الاجتماعية
650 0 4 _aمصر - تاريخ - العصر الحديث - ثورة 1919
942 _2ddc
_cBK
999 _c29035
_d29035